000 01328nam a22002057a 4500
999 _c58934
_d58934
003 Ge_BSU
005 20221021113305.0
008 221021s2000 ge ||||| |||| 00| 0 geo d
041 _ageo
080 _a271.22(479.22)(09) ვ-21
100 _aვარდოსანიძე, სერგო
_915418
245 _aსაქართველოს მართლმადიდებელი ეკლესია 1917-1927 წლებში /
_cსერგო ვარდოსანიძე; რედ.: ანანია (ჯაფარიძე) ; თბილ. სახ. პედ. უნ-ტი, თბილ. სასულ. აკად.
264 _aთბ. :
_bქრონოგრაფი,
_c2000.
300 _a152გვ. :
_b ილ. ;
_c20 სმ.
500 _a ნაშრომში განხილულია საქართველოს ეკლესიის ისტორია ავტოკეფალიის აღდგენიდან 1927 წლის ჩათვლით.
504 _aბიბლიოგრ.: გვ. 144-150.
520 _aრეზ. რუს. და ინგლ. ენ.
653 _aსაქართველოს მართლმადიდებელი ეკლესიის ისტორია
942 _2udc
_cBK